Looking glass: Reflections on the supreme court judgement on sub- classification of scheduled castes (Record no. 396197)
[ view plain ]
| 000 -LEADER | |
|---|---|
| fixed length control field | 00664 a2200205 4500 |
| 005 - DATE & TIME | |
| control field | 20260223113451.0 |
| 008 - FIXED-LENGTH DATA ELEMENTS--GENERAL INFORMATION | |
| fixed length control field | 260223b |||||||| |||| 00| 0 eng d |
| 020 ## - ISBN | |
| International Standard Book Number | 9789348491848 |
| Price | Rs. 1595.00 |
| 040 ## - CATALOGING SOURCE | |
| Original cataloging agency | VIVEKANANDA LIBRARY |
| 082 ## - DDC NUMBER | |
| Classification number | 342.54087 |
| Book Number | R18L |
| 100 ## - MAIN ENTRY--PERSONAL NAME | |
| Personal name | Rao, Yagati Chinna, ed. |
| 245 ## - TITLE STATEMENT | |
| Title | Looking glass: Reflections on the supreme court judgement on sub- classification of scheduled castes |
| 260 ## - PUBLICATION, DISTRIBUTION, ETC. (IMPRINT) | |
| Name of publisher, distributor, etc | Kanishka Publishers Ditributors |
| Date of publication, distribution, etc | 2025 |
| Place of publication, distribution, etc | New Delhi |
| 300 ## - PHYSICAL DESCRIPTION | |
| Pages | 456 |
| 650 ## - Subject | |
| Subject | Constitutional Law- India |
| 650 ## - Subject | |
| Subject | Scheduled Caste- Legal Status |
| 650 ## - Subject | |
| Subject | Reservation- India |
| 700 ## - Added Entry Personal Name | |
| Added Entry Personal Name | Vijaisri, Priyadarshini, ed. |
| 942 ## - ADDED ENTRY ELEMENTS (KOHA) | |
| Koha item type | Books |
| Withdrawn status | Lost status | Source of classification or shelving scheme | Damaged status | Not for loan | Location (home branch) | Sublocation or collection (holding branch) | Shelving location | Date acquired | Koha issues (times borrowed) | Koha full call number | Accession No. | Koha date last seen | Koha item type |
|---|---|---|---|---|---|---|---|---|---|---|---|---|---|
| Dewey Decimal Classification | VIVEKANANDA LIBRARY | VIVEKANANDA LIBRARY | Law Library | 02/02/2026 | 342.54087 R18L | 377807 | 02/02/2026 | Books | |||||
| Dewey Decimal Classification | VIVEKANANDA LIBRARY | VIVEKANANDA LIBRARY | Law Library | 02/02/2026 | 342.54087 R18L | 377808 | 02/02/2026 | Books |
